000 00518nam a22001932 4500
003 OSt
005 20150319153829.0
008 820525s1972 mx ac 000 0 spa
010 _a 68094769
040 _cBMC
082 _a863.9921
100 1 _931565
_aBenavides, Rodolfo
245 1 3 _a...Entonces seremos dioses...
_b: novela
_cRodolfo Benavides
250 _a5ª ed
260 _aMéxico D.F.
_bMexicanos Unidos
_c1972
300 _a366 p.
_bil.
_c20 cm
650 2 4 _912570
_aNovela Mexicana
942 _2ddc
_cBK
999 _c18713
_d18713